Quizzes
Events
Quiz Creation
Community
Videos
Private Events
Remove Ads
Sign In
Join for FREE
Feedback
Dark Mode
Quiz Categories
Sports
Geography
Music
Movies
Television
Just For Fun
Miscellaneous
History
Literature
Language
Science
Gaming
Entertainment
Religion
Holiday
For Kids
Quiz Lab
Recent
Popular Today
Quiz Kudos Today
Editor Picks
Curator Picks
Quizzes by...
Day
Popularity
Type
Ratings
Length
Year
Community
Subscriptions
Recent Discussions
Orange Saloon
Badges
Playlists
Quests
Create
Leaderboards
Showdown
Live 5
Trivia Bingo
Activity
Puzzle Library
Sporcle Events
Private Events
Virtual Trivia
Globe League
Become a Host
Pub Owners
SporcleCon
Opinionation
Our Games
Videos
Blog
Mobile Apps
Partnerships
Remove Ads and Go Orange
Feedback
Geography
Country
Landmarks
City
State
Population
World
Capital
Continent
Flags
Europe
Africa
Asia
South America
North America
Oceania
Border
Canada
United Kingdom
Topography
United States
Geography
Country
Landmarks
City
State
Population
World
Capital
Continent
Flags
Europe
Africa
Asia
South America
North America
Oceania
Border
Canada
United Kingdom
Topography
United States
Random Quiz
Search Sporcle
×
Quiz Lab
Quiz Lab
Geography
Nation
Type in answers that appear in a list
Type in answers that appear in a list
Classic
Best Score? Go Orange.
The most intelligent nations Stats
Can you name the Nations with the highest Intelligence Rates (by IQ)?
By
jrafcb
5m
27 Questions
2,374 Plays
2,374 Plays
2,374 Plays
Comments
Comments
Give Quiz Kudos
Give Quiz Kudos
-
- Ratings
hide this ad
More Info
Replay
Link that replays current quiz
Next Quiz
Link to next quiz in quiz playlist
You Got
0%
They Got
Avg Score
76%
Avg Friend Score
Upgrade to see
Score Distribution
Jump to the score distribution portion of the page
Score
0/27
Timer
05:00
0
Plays Today
Ranking
Nation
% Correct
19
United States
98.9%
3
Japan
95.8%
12
United Kingdom
94.2%
12
China
93.6%
19
France
91.8%
6
Germany
91%
25
Canada
90.3%
16
Spain
88.5%
10
Sweden
88.5%
6
Italy
87.7%
19
Norway
86.1%
25
Finland
84%
2
South Korea
83.2%
19
Australia
82.2%
Ranking
Nation
% Correct
19
Denmark
79.7%
10
Switzerland
78.2%
6
Netherlands
76.3%
6
Austria
73%
12
New Zealand
72%
12
Belgium
71.8%
16
Poland
70.8%
4
Taiwan
63.3%
5
Singapore
55.7%
25
Czech Republic
54.4%
1 (not independent)
Hong Kong
49.6%
16
Hungary
49.1%
19
Mongolia
21.2%
Quiz Playlist
Details
Report
Send in Message
Add To Playlist
More Info:
An intelligence quotient, or IQ, is a score derived from one of several different standardized tests designed to assess intelligence.
Classic:
Type in answers that appear in a list
Quiz Source
Last Updated: Feb 16, 2017
Quiz Scoreboard
CHALLENGE
Sign Up to Join the Scoreboard
Show All
Scores
Hide
Comments
May contain spoilers
Recently Published
Billboard Blitz: Fleetwood Mac
by CooCooCachoo
Music
15s
Presidents Visiting Landmarks
by Hejman
History
7m
An Introduction to Baseball
by treessimontrees
Sports
5m
More to Explore
Quiz From the Vault
Featured Blog Post
Where Did the Easter Bunny Come From?
hide this ad
You Might Also Like...
Tags
Nation Quiz
highest
intelligence
intelligent
rate
Today's Top Quizzes in Geography
Browse Geography
hide this ad
Today's Top Quizzes in Nation
Browse Nation
Top Contributed Quizzes in Geography
1
Countries of the World - No Outlines Minefield
2
Top 25 Cities of France on a map
3
Any capital of a 'B' country per Continent
4
Closest Countries to UK A-Z
5
Any capital of a 'C' country per Continent
6
One Thing in Common: United Kingdom
7
Any capital of a 'D' country per Continent
8
5-to-1: US Geography No Hints
9
Any capital of an 'E' country per Continent
10
Find the Provinces of Canada - No Outlines Minefield
Explore More
Trending Topics
Marvel
NBA
Anime
Harry Potter
Crossword
Disney
Kpop
Pokémon
Puzzle
The Office
Song
NFL
Country
WWE
Soccer
hide this ad
More By:
jrafcb
Quiz
Plays
Rating
Category
Featured
Created
The most intelligent nations
2,374
3.00
Geography
Jan 12, 2010
World Cup Italy 90
815
4.63
Sports
Jan 18, 2010
Top 50 roller coasters in the world
715
2.75
Just For Fun
Nov 28, 2009
Clubs from J-League,1st and 2nd division
282
5.00
Sports
Jan 7, 2010
Port Aventura Roller Coasters
237
4.00
Just For Fun
Nov 25, 2011
Go to Creator's Profile
Score Distribution
Quiz Creator Spotlight
jrafcb
Follow
Send a Message
Quizzes Created
-
Created Quiz Play Count
-
More By This Creator
Popular Quizzes Today
1
Find the US States - No Outlines Minefield
2
Find the Countries of Europe - No Outlines Minefield
3
The Countries of the World
4
Find the US States
5
US States
6
Popular People in 1961
7
Risky Map Clicking: Biggest States A-Z
8
Movies - When Are They Set?
More Geography Quizzes
Countries in 6 Images: Nordic
Published
Trending Quizzes
Risky Map Clicking: Least Populous States A-Z
1-10 Letter G Words
1-10 Letter F Words
Risky Map Clicking: Next State Alphabetically
Risky Map Clicking: Biggest States A-Z
Recently Updated
Leaping Animals
pecheneg
Reality TV Shows (A-Z)
bhenderson79
Rickey Henderson's Hall of Fame Teammates
pecheneg
Champions League XIs: Arsenal
pecheneg
Quick Pick: Celebrities in WWE's Hall of Fame
aduchscher
A-Z Keypad Blitz II
pecheneg
Multiple Oscar Actors
pecheneg
Mystery Phrase Blitz: Oscar 'Best Actors'
pecheneg
F. Scott Fitzgerald Novels
LTH
Pick 3 Villains
ddd62291
Trending Topics
Disney
Harry Potter
Marvel
Crossword
Kpop
Anime
NBA
Song
NFL
Soccer
Pokémon
WWE
Country
The Office
Puzzle
Your Account Isn't Verified!
In order to create a playlist on Sporcle, you need to verify the email address you used during registration. Go to your
Sporcle Settings
to finish the process.
Report this User
Report this user for behavior that violates our
Community Guidelines
.
Details:
Send Report
Go to the Sporcle.com Mobile Site →
Comments